<?xml version="1.0" encoding="UTF-8"?>
<collection xmlns="http://www.loc.gov/MARC21/slim">
 <record>
  <leader>00664pamaa2200193   4500</leader>
  <controlfield tag="001">0000045309</controlfield>
  <controlfield tag="005">20090612090000.0</controlfield>
  <controlfield tag="008">090612                             eng  </controlfield>
  <datafield tag="020" ind1="0" ind2="0">
   <subfield code="a">9780007212910 (pbk.) </subfield>
  </datafield>
  <datafield tag="090" ind1="0" ind2="0">
   <subfield code="a">HF5386 </subfield>
   <subfield code="b">BUZ 2005</subfield>
  </datafield>
  <datafield tag="100" ind1="1" ind2="0">
   <subfield code="a">Buzan </subfield>
  </datafield>
  <datafield tag="245" ind1="0" ind2="4">
   <subfield code="a">The ultimate book of mind maps : </subfield>
   <subfield code="b">unlock your creativity, boost your memory, change your life  </subfield>
   <subfield code="c">Tony Buzan.</subfield>
  </datafield>
  <datafield tag="260" ind1="0" ind2="0">
   <subfield code="a">London: </subfield>
   <subfield code="b">Thorsons, </subfield>
   <subfield code="c">2005.</subfield>
  </datafield>
  <datafield tag="300" ind1=" " ind2=" ">
   <subfield code="a">xix, 231 p.: </subfield>
   <subfield code="b">ill.; </subfield>
   <subfield code="c">24 cm.</subfield>
  </datafield>
  <datafield tag="504" ind1="0" ind2="0">
   <subfield code="a">Includes bibliographical references and index</subfield>
  </datafield>
  <datafield tag="650" ind1="0" ind2="0">
   <subfield code="a">Creative ability in business </subfield>
  </datafield>
  <datafield tag="650" ind1="0" ind2="0">
   <subfield code="a">Success in business </subfield>
  </datafield>
  <datafield tag="650" ind1="0" ind2="0">
   <subfield code="a">Thought and thinking </subfield>
  </datafield>
  <datafield tag="901" ind1=" " ind2=" ">
   <subfield code="u">www.thorsonelement.com</subfield>
  </datafield>
 </record>
</collection>
